<?xml version="1.0" encoding="UTF-8"?>
<record
    xmlns:xsi="http://www.w3.org/2001/XMLSchema-instance"
    xsi:schemaLocation="http://www.loc.gov/MARC21/slim http://www.loc.gov/standards/marcxml/schema/MARC21slim.xsd"
    xmlns="http://www.loc.gov/MARC21/slim">

  <leader>01989nam a2200349 a 4500</leader>
  <controlfield tag="001">000002328</controlfield>
  <controlfield tag="003">DO-SdBNP</controlfield>
  <controlfield tag="005">20231012101612.0</controlfield>
  <controlfield tag="007">ta</controlfield>
  <controlfield tag="008">090701e1995    dr bd  gr     001 0 spa d</controlfield>
  <datafield tag="020" ind1=" " ind2=" ">
    <subfield code="a">8460092518</subfield>
  </datafield>
  <datafield tag="040" ind1=" " ind2=" ">
    <subfield code="a">DO-SdBNP</subfield>
    <subfield code="b">spa</subfield>
    <subfield code="c">BPMSU </subfield>
  </datafield>
  <datafield tag="082" ind1=" " ind2="4">
    <subfield code="a">610.69   </subfield>
    <subfield code="b">D441r 1995</subfield>
    <subfield code="2">22</subfield>
  </datafield>
  <datafield tag="245" ind1="0" ind2="0">
    <subfield code="a">Desarrollo de recursos humanos en salud :</subfield>
    <subfield code="b">la experiencia dominicana /</subfield>
    <subfield code="c">Compilado por Rosa Mar&#xED;a Borrell y Wilfredo Lozano; Edici&#xF3;n, Wilfredo Lozano.</subfield>
  </datafield>
  <datafield tag="260" ind1=" " ind2=" ">
    <subfield code="a">Santo Domingo :</subfield>
    <subfield code="b">FLACSO,</subfield>
    <subfield code="c">1995</subfield>
  </datafield>
  <datafield tag="300" ind1=" " ind2=" ">
    <subfield code="a">215 p. :</subfield>
    <subfield code="b">il., mapas, gr&#xE1;ficos ;</subfield>
    <subfield code="c">28 cm.</subfield>
  </datafield>
  <datafield tag="500" ind1=" " ind2=" ">
    <subfield code="a">Publicaci&#xF3;n conjunta de: Organizaci&#xF3;n Panamericana de la Salud (OPS), Organizaci&#xF3;n Mundial de la Salud (OMS), Programa de Adiestramiento en Salud de Centroam&#xE9;rica y Panam&#xE1; (PASCAP)</subfield>
  </datafield>
  <datafield tag="504" ind1=" " ind2=" ">
    <subfield code="a">Bibliograf&#xED;a: p. 201</subfield>
  </datafield>
  <datafield tag="505" ind1=" " ind2=" ">
    <subfield code="a">Presentaci&#xF3;n.</subfield>
    <subfield code="g">Pr&#xF3;logo.</subfield>
    <subfield code="g">Introducci&#xF3;n</subfield>
    <subfield code="g">Primera Parte.</subfield>
    <subfield code="t">Pol&#xED;ticas de Salud y Recursos Humanos.--</subfield>
    <subfield code="g">Segunda Parte.</subfield>
    <subfield code="t">La Universidad y la salud de la poblaci&#xF3;n.--</subfield>
    <subfield code="g">Tercera Parte.</subfield>
    <subfield code="t">Situaci&#xF3;n de la oferta y la demanda de fuerza de trabajo en salud.--</subfield>
    <subfield code="g">Cuarta Parte.</subfield>
    <subfield code="t">Saneamiento ambiental y recursos humanos en salud.--</subfield>
    <subfield code="g">Quinta Parte.</subfield>
    <subfield code="t">Comunidiad y recursos humanos en salud.--</subfield>
    <subfield code="g">Sexta Parte.</subfield>
    <subfield code="t">Vigilancia epidemiol&#xF3;gica y recursos humanos en salud.--</subfield>
    <subfield code="t">&#xCD;ndice de cuadros y gr&#xE1;ficos.</subfield>
  </datafield>
  <datafield tag="590" ind1=" " ind2=" ">
    <subfield code="a">Inventariado,2018/DG</subfield>
  </datafield>
  <datafield tag="610" ind1="2" ind2="4">
    <subfield code="a"> Sistema Nacional de Salud (Rep&#xFA;blica Dominicana)  </subfield>
  </datafield>
  <datafield tag="650" ind1=" " ind2="4">
    <subfield code="a">Personal de salud </subfield>
    <subfield code="z">Rep&#xFA;blica Dominicana</subfield>
  </datafield>
  <datafield tag="650" ind1=" " ind2="4">
    <subfield code="a">Administraci&#xF3;n de servicios de salud  </subfield>
    <subfield code="z">Rep&#xFA;blica Dominicana</subfield>
  </datafield>
  <datafield tag="700" ind1="1" ind2=" ">
    <subfield code="a">Borrel, Rosa Mar&#xED;a,</subfield>
    <subfield code="e">comp.</subfield>
  </datafield>
  <datafield tag="700" ind1="1" ind2=" ">
    <subfield code="a">Lozado, Wilfredo,</subfield>
    <subfield code="e">ed.</subfield>
  </datafield>
  <datafield tag="710" ind1="2" ind2=" ">
    <subfield code="a">Facultad Latinoamericana de Ciencias Sociales (Rep&#xFA;blica Dominicana)</subfield>
  </datafield>
  <datafield tag="710" ind1="2" ind2=" ">
    <subfield code="a">Organizaci&#xF3;n Panamericana de la Salud.</subfield>
  </datafield>
  <datafield tag="710" ind1="2" ind2=" ">
    <subfield code="a">Organizaci&#xF3;n Mundial de la Salud</subfield>
  </datafield>
  <datafield tag="710" ind1="2" ind2=" ">
    <subfield code="a">Programa de Adiestramiento en Salud de Centroam&#xE9;rica y Panam&#xE1;</subfield>
  </datafield>
  <datafield tag="910" ind1=" " ind2=" ">
    <subfield code="a">VMateo V. Control de calidad. BPMSU </subfield>
  </datafield>
  <datafield tag="942" ind1=" " ind2=" ">
    <subfield code="2">ddc</subfield>
    <subfield code="c">BK</subfield>
  </datafield>
  <datafield tag="952" ind1=" " ind2=" ">
    <subfield code="0">0</subfield>
    <subfield code="1">0</subfield>
    <subfield code="2">ddc</subfield>
    <subfield code="4">0</subfield>
    <subfield code="7">0</subfield>
    <subfield code="8">CD</subfield>
    <subfield code="a">BPMET</subfield>
    <subfield code="b">BPMET</subfield>
    <subfield code="d">2023-10-12</subfield>
    <subfield code="e">FLACSO</subfield>
    <subfield code="l">0</subfield>
    <subfield code="o">BPMSU CG 610.69 D441r 1995</subfield>
    <subfield code="p">BPMSU23100021</subfield>
    <subfield code="r">2023-10-12</subfield>
    <subfield code="w">2023-10-12</subfield>
    <subfield code="y">BK</subfield>
  </datafield>
  <datafield tag="952" ind1=" " ind2=" ">
    <subfield code="0">0</subfield>
    <subfield code="1">0</subfield>
    <subfield code="2">ddc</subfield>
    <subfield code="4">0</subfield>
    <subfield code="7">0</subfield>
    <subfield code="8">CD</subfield>
    <subfield code="a">BPMET</subfield>
    <subfield code="b">BPMET</subfield>
    <subfield code="d">2023-10-12</subfield>
    <subfield code="e">FLACSO</subfield>
    <subfield code="l">0</subfield>
    <subfield code="o">BPMSU CG 610.69 D441r 1995</subfield>
    <subfield code="p">BPMSU23100022</subfield>
    <subfield code="r">2023-10-12</subfield>
    <subfield code="t">e.2</subfield>
    <subfield code="w">2023-10-12</subfield>
    <subfield code="y">BK</subfield>
  </datafield>
  <datafield tag="952" ind1=" " ind2=" ">
    <subfield code="0">0</subfield>
    <subfield code="1">0</subfield>
    <subfield code="2">ddc</subfield>
    <subfield code="4">0</subfield>
    <subfield code="7">0</subfield>
    <subfield code="8">CD</subfield>
    <subfield code="a">BPMET</subfield>
    <subfield code="b">BPMET</subfield>
    <subfield code="d">2023-10-12</subfield>
    <subfield code="e">FLACSO</subfield>
    <subfield code="l">0</subfield>
    <subfield code="o">BPMSU CG 610.69 D441r 1995</subfield>
    <subfield code="p">BPMSU23100023</subfield>
    <subfield code="r">2023-10-12</subfield>
    <subfield code="t">e.3</subfield>
    <subfield code="w">2023-10-12</subfield>
    <subfield code="y">BK</subfield>
  </datafield>
  <datafield tag="999" ind1=" " ind2=" ">
    <subfield code="c">14477</subfield>
    <subfield code="d">14477</subfield>
  </datafield>
</record>
